| 000 | 01509cam a2200325Ia 4500 | ||
|---|---|---|---|
| 001 | 5887643 | ||
| 003 | ARRUPE | ||
| 005 | 20160226115851.0 | ||
| 008 | 980501t19981969iluab b 100 0 eng d | ||
| 020 | _a0881339792 (pbk.) | ||
| 035 | _a(OCoLC)ocm39046561 | ||
| 035 | _a(NNC)5887643 | ||
| 040 |
_aTMS _cTMS _dXDM _dBAKER _dNLGGC |
||
| 050 |
_aGN320 _b.E77 |
||
| 084 |
_a73.46 _2bcl |
||
| 100 |
_aBarth, Fredrik _922491 |
||
| 245 | 0 | 0 |
_aEthnic groups and boundaries : _bthe social organization of culture difference / _cedited by Fredrik Barth. |
| 260 |
_aProspect Heights, Ill. : _bWaveland Press, inc., _c1998 |
||
| 300 |
_a153 p.; _bmaps, diagrs. ; _c23 cm. |
||
| 500 | _aResults of a symposium held at the University of Bergen, 23rd to 26th February 1967. | ||
| 504 | _aIncludes bibliographical references (p. [149]-153). | ||
| 505 | 0 | _aWhen ethnic identity is a social stigma / Harald Eidheim -- Economic determinants in ethnic processes / Gunnar Haaland -- Ethnic and cultural differentiation / Jan-Petter Blom -- Dichotomization and integration / Karl Eric Knutsson -- Ethnic stability and boundary dynamics in southern Mexico / Henning Siverts -- Pathan identity and its maintenance / Fredrik Barth -- Neighbours in Laos / Karl G. Izikowitz. | |
| 650 | 0 |
_aEthnic groups. _922492 |
|
| 650 | 0 |
_aEthnocentrism. _922493 |
|
| 700 | 1 |
_aBarth, Fredrik, _d1928- _922494 |
|
| 710 | 2 |
_aUniversitetet i Bergen. _922495 |
|
| 942 |
_2lcc _cMONOGRAPH |
||
| 948 | 1 |
_a20061003 _bc _crad1 _dMPS |
|
| 999 |
_c124222 _d124222 |
||